000 00359nam a2200133Ia 4500
008 151001s9999||||xx |||||||||||||| ||und||
100 _aमालती प्रकाश
245 _aक्या चांद पानी भरेगा
250 _a1
260 _bअभिव्यक्ती
260 _c2012
300 _a104
365 _b21
999 _c999476
_d999473